01243nas a2200277Ia 4500001002800000003001000028008004100038040002500079041001300104100002000117210002400137222002400161245002900185250001100214260000900225501012300234300001300357362003200370500026000402650004500662700001100707942000700718957000600725999003300731952020100764A10/R170-14029 [r000011488]IT-MiCISF161014c99999999xx |||||||||||| ||und|| aIT-MiCISFcIT-MiCISF aITALIANO aBeffa Cristina  aVia verità€ e vita aVia verità€ e vita 0aIl sacramento dell'amore a1a ed. c1994 bCISF - Centro Internazionale Studi Famiglia - Via Giotto, 36 20145 MILANO (non commercial uses only)cCopyright 2016 app. 1-85 an. 147, marzo-aprile [1994] aDe Rita G., Muraro G., Dalla Vecchia F., Colzani G., Giannoni P., Biancardi D. e M., Scabini P., Colella T. e M., Tosco Costa R., Zattoni M.T., Conio C. Tema: matrimonio, matrimonio-sacramento, preparazione-al-matrimonio, primi-anni-matrimonio, religioni- aPASTORALE - pastorale familiarevrivista aAA.VV. cCR 71 a14029bSig1c229589d229589 0010406A_10_000000000000000_R17014029_R00001148871aCISFbCISFd2016-10-14l0oA10/R170-14029 [r000011488]r2016-10-14 00:00:00w2016-10-14yCRzData import 15.10.2016 / by Epidotti, Vaglietti